000 00479nam a2200181Ia 4500
999 _c26747
_d26747
003 0100
005 20190507101646.0
008 130303s9999 xx 000 0 und d
040 _cARRUPELIB
050 _aHN65.L33 1979
100 _aLasch, Christopher
_98959
245 4 _aThe Culture of Narcissism
_bAmerican Life in an Age of Diminishing Expectations
_cChristopher Lasch
260 _aGreat Britain
_bAbacus
_c1979
300 _axviii, 446p. ;
_c20cm.
651 _aUnited States
_xSocial conditions
_y1980-
_97541
651 _aUnited States
_xWord conditions
_946300
942 _2lcc
_cMONOGRAPH